[Event "Boeing Action"]
[Site "?"]
[Date "1972.08.22"]
[Round "4"]
[White "Bailey, B."]
[Black "Lassen, M."]
[Result "0-1"]
[WhiteElo "1998"]
[BlackElo "1822"]
[Annotator "Stockfish 12 (20s)"]
[PlyCount "60"]
[EventDate "1972.??.??"]

{B15: Caro-Kann: 3 Nc3: 3...g6 and 3...dxe4 4 Nxe4 Nf6 5 Nxf6+ exf6} 1. e4 c6
2. d4 d5 3. Nc3 dxe4 4. f3 exf3 5. Nxf3 Bg4 6. Bc4 e6 7. O-O Bd6 (7... Nf6 8.
Bg5 (8. Ne2 Nbd7 9. h3 Bh5 10. Nf4 Bg6 11. Nxg6 hxg6 12. Ng5 Qe7 13. Qe2 O-O-O
14. Bd2 Nb6 15. Nxf7 Nxc4 16. Nxh8 Nxd2 17. Qxd2 Qe8 18. Qg5 Rxd4 19. Qxg6 Qd7
20. Qf7 Bc5 21. Qxd7+ Rxd7+ 22. Kh1 Rd2 {
Pennekamp,M (1810)-Hamm,S (1666) Duisburg 2006 0-1 (45)}) 8... Be7 9. Qd2 Nbd7
10. Rad1 h6 11. Be3 Nb6 12. Bd3 Bd6 13. h3 Bxf3 14. Rxf3 Qc7 15. Ne2 Nbd5 16.
c4 Nxe3 17. Qxe3 Qe7 18. c5 Bc7 19. Bc4 Nd5 20. Qf2 O-O 21. Rf1 Rad8 22. Nc3 {
Coupet,P-Lobron,E (2545) Paris 1990 0-1}) 8. Qe1 $146 (8. Qd3 Qc7 9. Ne5 Bxe5
10. dxe5 Qxe5 11. Bf4 Qc5+ 12. Be3 Qe7 13. Rae1 Bf5 14. Qd2 Nf6 15. Bg5 Bg6 16.
Bxf6 gxf6 17. Bb3 Nd7 18. Re3 O-O-O 19. Qf2 Rhg8 20. a4 Ne5 21. Qe2 Qc5 22. Kh1
Rg7 {Chang,M-Sharomova,E Churchill 2000 0-1 (37)}) (8. Ne4 Nf6 9. Nxd6+ Qxd6
10. c3 $17) 8... Bxf3 (8... Nf6 $142 $5 $17) 9. Rxf3 $11 Qc7 $4 (9... Nf6 $142
$5 10. Ne4 Be7 $11) 10. Kh1 (10. Bxe6 $142 Nf6 11. Bb3+ Kd8 $18) 10... Ne7 $4 (
10... Nf6 11. Bh6 gxh6 12. Rxf6 $16) 11. Qh4 (11. Rxf7 $142 $1 Kxf7 12. Qxe6+
Ke8 13. Ne4 $18) 11... Nf5 (11... Nd7 12. Ne4 Ng6 $11) 12. Rxf5 (12. Qf2 b5 13.
Bb3 $18) 12... exf5 $11 13. Bd2 $4 (13. Bg5 $142 O-O 14. Bd3 $11) 13... O-O $19
14. Rf1 Nd7 $4 (14... Be7 $142 15. Qh3 Nd7 16. Rxf5 Qd8 $19) 15. Rxf5 $15 Nf6
$4 (15... Nb6 16. Rh5 Be7 17. Qh3 $11) 16. Bg5 (16. Rxf6 $142 Rae8 17. Bd3 $18)
16... Nd5 $11 17. Nxd5 $4 (17. Bd3 $142 Ne7 18. Bxe7 Bxe7 19. Qxh7+ Kxh7 20.
Rh5+ Kg8 21. Bh7+ Kh8 22. Bd3+ Kg8 23. Bh7+ Kh8 24. Bg6+ Kg8 25. Bh7+ $11)
17... cxd5 $19 18. Bd3 f6 $4 (18... Rfe8 $142 $19) 19. Rxd5 $11 g6 20. Bxf6
Rae8 21. Bg5 $4 (21. Rxd6 $142 Qxd6 22. Bc4+ Re6 23. h3 $11) 21... Bxh2 (21...
Qxc2 $1 22. Be3 Rxe3 23. Qxh7+ Kxh7 24. Rh5+ Kg8 25. Bc4+ Qxc4 26. Rh8+ Kxh8
27. a3 Rf1#) 22. Bd2 (22. Rd7 Qxd7 23. Kxh2 Qf7 $19) 22... Bg3 23. Qg4 (23. Rd7
Qxd7 24. Bc4+ Kg7 25. Qxg3 Re4 $19) 23... Be1 (23... Qxc2 $142 $1 24. Qxg3 Qxd2
25. Bxg6 Qe1+ 26. Qxe1 Rxe1+ 27. Kh2 hxg6 $19) 24. Rd7 Qg3 25. Qxg3 Bxg3 26.
Bc4+ Kh8 27. Rxb7 (27. d5 Rf4 28. b3 Ree4 $19) 27... Rc8 28. Bd3 (28. Rb3 Rxc4
29. Rxg3 Rxc2 $19) 28... Rxc2 29. Be1 (29. Bh6 Re8 30. Kg1 Re1+ 31. Bf1 $19)
29... Rc1 (29... Bxe1 $6 30. Bxc2 Bg3 31. Kg1 $11) 30. Re7 Rxe1+ (30... Rxe1+
31. Rxe1 Bxe1 $19) 0-1

[Event "Oregon Open"]
[Site "?"]
[Date "1972.09.02"]
[Round "1"]
[White "Varner, M."]
[Black "Bailey, B."]
[Result "0-1"]
[WhiteElo "1655"]
[BlackElo "2036"]
[Annotator "Stockfish 12 (20s)"]
[PlyCount "70"]
[EventDate "1972.??.??"]

{C44: Ponziani Opening and Scotch Gambit} 1. e4 e5 2. Nf3 Nc6 3. d4 exd4 4. Bb5
Bc5 5. a3 $146 (5. O-O Nge7 6. Nbd2 (6. c3 dxc3 7. Nxc3 O-O 8. Bg5 f6 9. Bh4 d6
10. Rc1 a6 11. Ba4 Kh8 12. Nd5 Bg4 13. h3 Bxf3 14. Qxf3 Nxd5 15. exd5 Nd4 16.
Qd3 Qe7 17. Rfe1 Qf7 18. Rc4 b5 19. Rxd4 Bxd4 20. Bc2 g5 {
Westerinen,H (2450)-Zuidema,C (2430) Havana 1966 1/2-1/2 (32)}) (6. Ng5 f6 7.
Nh3 d6 8. Qh5+ g6 9. Qh6 Bxh3 10. Qxh3 Qd7 11. Qh4 g5 12. Qh5+ Ng6 13. c3 O-O-O
14. Qd1 dxc3 15. Nxc3 Nge5 16. Nd5 Rhf8 17. b4 Bb6 18. a4 Qg4 19. Nxb6+ axb6
20. f3 Qe6 {Emodi,G (2395)-Elrefy,A Cairo 1997 1-0 (39)}) 6... d5 (6... a6 7.
Ba4 b5 8. Bb3 O-O 9. h3 Ng6 10. a3 d6 11. Kh2 Be6 12. Qe2 Qd7 13. a4 Nce5 14.
axb5 axb5 15. Rxa8 Rxa8 16. Bxe6 fxe6 17. Nxe5 dxe5 18. Nb3 Bd6 19. Bd2 c5 20.
f4 c4 21. f5 {Mason,J-Von Minckwitz,J Breslau 1889 0-1 (36)}) (6... O-O 7. Nb3
Bb6 8. Nbxd4 Nxd4 9. Nxd4 d5 10. e5 c6 11. Be2 Ng6 12. f4 f6 13. exf6 Qxf6 14.
c3 Bf5 15. Kh1 Be4 16. Bf3 Rae8 17. Bxe4 Rxe4 18. Ne2 Bc7 19. Ng3 Ree8 20. Rf3
Qh4 21. Ne2 {Solovtsov,A-Lasker,E Moscow 1896 0-1}) 7. exd5 Qxd5 8. Bc4 Qd8 9.
Ng5 Ne5 10. Nxf7 Nxf7 11. Bxf7+ Kxf7 12. Qh5+ g6 13. Qxc5 Nc6 14. Nf3 Re8 15.
Bh6 Bf5 16. Rae1 Qd7 17. Qc4+ Be6 18. Ng5+ Kf6 19. Qe2 Bg4 {
Lange,M-Von Schierstedt Schonebeck 1856 1-0 (31)}) 5... Nf6 (5... a6 6. Ba4
Nge7 7. c3 dxc3 8. Nxc3 $17) 6. O-O (6. e5 Ne4 7. Qd3 d5 $11) 6... O-O (6...
Nxe4 7. c3 d5 8. cxd4 $17) 7. Bd3 (7. e5 Ne4 8. c3 dxc3 $15) 7... d6 (7... Re8
8. Re1 d6 9. Bf4 $17) 8. h3 (8. b4 Bb6 9. Bg5 h6 $17) 8... h6 9. b4 Bb6 10. b5
(10. Bf4 Nd7 $17) 10... Ne5 (10... Na5 $142 $17) 11. Bb2 $2 (11. Nxe5 $142 $5
dxe5 12. f4 $17) 11... Nxf3+ $19 12. Qxf3 c5 13. bxc6 bxc6 14. Nd2 (14. c3 d5
15. exd5 cxd5 16. cxd4 Bc7 $19) 14... Nd7 15. c3 Ne5 (15... Ba5 16. Rac1 Ne5
17. Qe2 $19) 16. Qe2 Nxd3 (16... dxc3 17. Bxc3 Nxd3 18. Qxd3 $19) 17. Qxd3 dxc3
(17... d5 $5 18. cxd4 dxe4 19. Nxe4 $17) 18. Qxc3 $17 Qg5 (18... f6 $142 $5 19.
Rad1 Rb8 $17) 19. Nf3 $11 Qg6 20. g4 $4 (20. Rad1 $142 Rd8 21. Nd4 $11) 20...
f6 (20... h5 $142 21. Nh4 Qg5 22. Nf3 $19) 21. Rae1 $4 (21. Nh4 Qf7 22. Qxc6
$19) 21... Ba6 22. Nh4 Qf7 23. Qf3 (23. Bc1 Bxf1 24. Kxf1 Rab8 $19) 23... Rad8
24. Nf5 Kh7 25. h4 (25. a4 Bxf1 26. Kxf1 d5 27. exd5 Qxd5 28. Qxd5 Rxd5 $19 (
28... cxd5 $6 29. Re7 $17)) 25... d5 (25... Bxf1 $142 26. Kxf1 d5 $19) 26. g5 (
26. exd5 Qxd5 27. Qxd5 Rxd5 28. Re7 Bxf1 29. Rxg7+ Kh8 30. Rg6 $19) 26... fxg5
27. Bxg7 Qxg7 $1 28. Qg4 (28. Nxg7 Rxf3 {Clearance Deflection Pinning}) 28...
Qf6 29. hxg5 Qxg5 30. Qxg5 hxg5 31. Kg2 Bxf1+ 32. Rxf1 dxe4 33. Rh1+ Kg6 34.
Ne7+ Kg7 35. Rf1 (35. Rh5 Rxf2+ 36. Kh3 Kf6 37. Rh6+ Kxe7 38. a4 Rf4 39. Rh7+
Ke6 40. Rh6+ Kf5 41. Rf6+ Kxf6 42. a5 Rd3+ 43. Kg2 Rf2+ 44. Kh1 Rd1#) 35... Rd2
(35... Rd2 36. Kh3 Rf4 37. Nf5+ Rxf5 38. Kg2 Bxf2 39. Kh1 Rf4 40. Kg2 Be3+ 41.
Rf2 Rfxf2+ 42. Kh3 Rf3+ 43. Kg4 Rg2+ 44. Kh5 Rh3#) 0-1

[Event "Oregon Open"]
[Site "?"]
[Date "1972.09.02"]
[Round "2"]
[White "Bailey, B."]
[Black "Rickey, M."]
[Result "1-0"]
[WhiteElo "2036"]
[BlackElo "1694"]
[Annotator "Stockfish 12 (20s)"]
[PlyCount "65"]
[EventDate "1972.??.??"]

{B95: Sicilian Najdorf: 6 Bg5 e6, unusual White 7th moves} 1. e4 c5 2. Nf3 d6
3. d4 cxd4 4. Nxd4 Nf6 5. Nc3 a6 6. Bg5 e6 7. Qd2 Be7 8. O-O-O O-O 9. f4 d5 $2
$146 (9... Nbd7 10. Be2 Qc7 (10... b5 11. Nc6 Qe8 12. Bf3 Bb7 13. e5 d5 14.
Nxe7+ Qxe7 15. exf6 gxf6 16. Bh6 Rfc8 17. Qe1 Kh8 18. Nxd5 Qc5 19. Nc3 Bxf3 20.
Rxd7 b4 21. Qh4 Qf5 22. gxf3 bxc3 23. b3 Rg8 24. Rhd1 a5 25. Rxf7 {
Ladeira,J-Pifano,C Juiz de Fora 1966 1-0}) 11. Bf3 Nb6 12. Rhe1 e5 13. Nf5 Bxf5
14. exf5 Rac8 15. Bxf6 Bxf6 16. Qxd6 Qxd6 17. Rxd6 Nc4 18. Rxf6 gxf6 19. Bxb7
Rc5 20. Bxa6 Rd8 21. Bxc4 Rxc4 22. fxe5 fxe5 23. Rxe5 Rcd4 24. a4 {
Pomar Salamanca,A-Oliveira,D Lugo 1957 1-0 (33)}) (9... b5 10. e5 (10. Bd3 e5
11. Nf3 Nbd7 12. Bxf6 Bxf6 13. Nd5 Bb7 14. fxe5 Bxe5 15. g4 Nc5 16. g5 Bxd5 17.
exd5 Nxd3+ 18. Qxd3 Bf4+ 19. Kb1 Bxg5 20. Nxg5 Qxg5 21. Rhg1 Qh4 22. Rg3 Rfe8
23. Rdg1 g6 24. Qd2 Re5 {Sleisz,T (2245)-Foldi,I (2365) Gyongyos 1995 0-1})
10... b4 11. exf6 bxc3 12. Qxc3 Bxf6 13. h4 (13. Bxf6 Qxf6 14. Qf3 Ra7 15. Qe3
Rc7 16. Bd3 Bb7 17. Rhg1 Bd5 18. Kb1 Nc6 19. Nxc6 Rxc6 20. Be4 Rb8 21. b3 Bxe4
22. Qxe4 Rbc8 23. Rd2 d5 24. Qe5 Qe7 25. Re1 Qb4 26. Ree2 a5 27. Rd4 Qb5 {
Thorvaldsson,J-Schmidt,W Varna 1962 0-1 (40)}) 13... Bb7 14. Qb4 Qc7 15. Bxf6
gxf6 16. Rh3 Nd7 17. Rc3 Qb8 18. Nf5 exf5 19. Rxd6 Be4 20. Qd4 Rc8 21. Bc4 Rxc4
22. Rxc4 Nf8 23. Qxf6 Ne6 24. Qe5 {
Vitolinsh,A (2430)-Mochalov,E (2340) Podolsk 1990 1-0}) (9... b5 $142 $5 10. e5
dxe5 11. fxe5 Nfd7 $11) 10. e5 $16 Nfd7 11. Bxe7 (11. h4 Nc6 12. g4 Nxd4 13.
Qxd4 b5 $16) 11... Qxe7 12. g4 Nc6 13. Nf3 f6 14. exf6 Qxf6 (14... Nxf6 $5 15.
h3 b5 $16) 15. f5 Nc5 $4 (15... b5 $142 16. fxe6 Nb6 $16) 16. Bg2 (16. Nxd5
exd5 17. Qxd5+ Ne6 18. Bc4 $18 (18. fxe6 $6 Bxe6 (18... Qxf3 $4 19. e7+ Qxd5
20. exf8=Q+ (20. Rxd5 $4 Nxe7 21. Rd4 Nc6 22. Bc4+ Kh8 $19) 20... Kxf8 21. Rxd5
$18) 19. Qe4 Rae8 $11)) 16... Ne4 $11 17. Nxe4 dxe4 18. Ng5 Rd8 $4 (18... exf5
$142 19. gxf5 Bxf5 20. Nxe4 Qh4 $11) 19. Qe3 (19. Nxe4 $142 Qe7 20. Qg5 Qxg5+
21. Nxg5 Rf8 22. Nxe6 Bxe6 23. fxe6 Rae8 $18) 19... exf5 (19... Rf8 20. Nxe4
Qe5 21. f6 $18) 20. Qb3+ Kh8 (20... Be6 21. Nxe6 Na5 $18) 21. Nf7+ Kg8 22.
Nxd8+ Kf8 23. Nxc6 bxc6 24. Qb4+ (24. gxf5 $142 Qe7 $18) 24... Kg8 25. gxf5
Qg5+ 26. Qd2 Qh5 (26... Qxd2+ 27. Rxd2 Bxf5 $18) 27. Qd8+ Kf7 28. Bf1 (28. Qc7+
Bd7 29. Rxd7+ Kf8 30. Bf1 Qg5+ 31. Kb1 Kg8 32. f6 Qxf6 33. Rg1 g6 34. Bc4+ Qf7
35. Rxf7 e3 36. Rf4+ Kh8 37. Qe5#) 28... Qxf5 29. Bc4+ Kg6 (29... Be6 30. Bxe6+
Kxe6 31. Qd7+ Kf6 32. Rhf1 Qf3 33. Rxf3+ exf3 34. Qxc6+ Ke5 35. Rd5+ Kf4 36.
Qd6+ Ke3 37. Qc5+ Ke2 38. Rd2+ Kf1 39. Qf2#) 30. Rhg1+ Kh5 31. Bf7+ $1 Kh6 (
31... Qxf7 32. Qg5# {Mate attack Deflection}) 32. Qh4+ Qh5 33. Qxh5# 1-0

[Event "Oregon Open"]
[Site "?"]
[Date "1972.09.03"]
[Round "3"]
[White "Waterman, D."]
[Black "Bailey, B."]
[Result "1-0"]
[WhiteElo "2190"]
[BlackElo "2036"]
[Annotator "Stockfish 12 (15s)"]
[PlyCount "59"]
[EventDate "1972.??.??"]

{C88: Closed Ruy Lopez: Anti-Marshall Systems} 1. e4 e5 2. Nf3 Nc6 3. Bb5 a6 4.
Ba4 Nf6 5. O-O Be7 6. Re1 b5 7. Bb3 O-O 8. a4 b4 9. c3 d6 10. h3 bxc3 11. bxc3
Na5 (11... Be6 12. d4 Bxb3 13. Qxb3 Rb8 14. Qc2 Re8 15. Nbd2 Bf8 16. d5 Na5 17.
Ba3 c6 18. c4 c5 19. Bb2 g6 20. Bc3 Bh6 21. Rab1 Qc7 22. g3 Rec8 23. Kg2 Ne8
24. Nh2 Bg7 25. f4 exf4 26. gxf4 {
Sadvakasov,D (2549)-Shetty,R (2356) Dubai 2002 1/2-1/2 (55)}) 12. Bc2 c5 13. d4
Qc7 14. Nbd2 $146 (14. Bg5 cxd4 15. cxd4 Nc6 16. Na3 Nxd4 17. Nxd4 exd4 18.
Qxd4 Qc5 19. Qxc5 dxc5 20. f4 Ra7 21. Rab1 h6 22. Bh4 Nh5 23. Bxe7 Rxe7 24. f5
Rfe8 25. Nc4 Rd8 26. e5 Rb7 27. Nd6 Rb4 28. Rxb4 cxb4 {
Solic,K (2115)-Djeno,S (2001) Bjelolasica 2005 1-0 (35)}) 14... cxd4 (14... Rb8
15. d5 $16) 15. cxd4 $16 Nc6 (15... Bd7 16. Nf1 $16) 16. Nf1 (16. Bb2 $142 $5
exd4 17. Bb3 $16) 16... Rb8 17. Ne3 g6 (17... Nb4 $142 $5 $11) 18. Ba3 $16 Bd7
$4 (18... Rd8 $5 $16) 19. Rc1 (19. dxe5 dxe5 20. Nd5 Nxd5 21. exd5 Nb4 $18)
19... Rfc8 $4 (19... Qd8 $142 $18) 20. Nd5 Nxd5 21. exd5 Nb4 (21... Nxd4 22.
Nxd4 Bg5 $18) 22. Bxg6 $1 Qd8 (22... fxg6 23. Rxc7 {Discovered attack}) (22...
hxg6 23. Rxc7 {Discovered attack}) 23. Rxc8 Qxc8 24. Bb1 Bf5 (24... Nxd5 25.
Qd3 Rxb1 26. Qxb1 $18) 25. Bxf5 Qxf5 26. Qb1 (26. Bxb4 $5 Rxb4 27. dxe5 Re4 28.
Rxe4 Qxe4 29. exd6 Bxd6 $18) 26... Qxb1 27. Rxb1 a5 28. dxe5 dxe5 29. Nxe5 Rd8
(29... Re8 30. Bxb4 Bxb4 $18) 30. Nc6 (30. Nc6 Nxd5 31. Nxe7+ Nxe7 32. Bxe7 $18
) 1-0

[Event "Oregon Open"]
[Site "?"]
[Date "1972.09.03"]
[Round "4"]
[White "Bailey, B."]
[Black "Gordon, S."]
[Result "1-0"]
[WhiteElo "2036"]
[BlackElo "1762"]
[Annotator "Stockfish 12 (20s)"]
[PlyCount "77"]
[EventDate "1972.??.??"]

{B09: Pirc Defence: Austrian Attack} 1. e4 d6 2. d4 Nf6 3. Nc3 g6 4. f4 Bg7 5.
Nf3 O-O 6. Bd3 c6 7. O-O Bg4 8. h3 Bxf3 9. Qxf3 Nbd7 (9... Qb6 10. Ne2 c5 11.
c3 cxd4 12. cxd4 e5 13. Be3 exf4 14. Qxf4 Na6 15. a3 Rae8 16. b4 Nc7 17. Qf3 d5
18. e5 Nd7 19. Nf4 Nb8 20. Kh1 Nc6 21. Nh5 Ne6 22. Nf6+ Bxf6 23. Qxf6 Rc8 24.
Rad1 {Ulibin,M (2565)-Bologan,V (2535) Mamaia 1991 1-0 (31)}) 10. e5 dxe5 (
10... Ne8 11. Ne4 d5 12. Nf2 f5 13. g4 e6 14. Qg3 Nc7 15. h4 c5 16. c3 Kf7 17.
Nh3 h6 18. Kh2 Rg8 19. Rg1 Bh8 20. Be3 cxd4 21. cxd4 Nb6 22. Qf2 Nc4 23. h5
gxh5 24. gxf5 Nxe3 25. Qxe3 {Hodova,L (1900)-Med,L (1895) Klatovy 2000 1-0})
11. fxe5 Ne8 12. Bc4 $4 $146 (12. Ne4 h6 13. h4 e6 14. Qg3 c5 15. c3 cxd4 16.
cxd4 Qb6 17. Be3 Rd8 18. h5 g5 19. Nxg5 hxg5 20. h6 Bxh6 21. Bxg5 Bxg5 22.
Qxg5+ Ng7 23. Rf4 f5 24. exf6 Nxf6 25. Qh4 Rxd4 26. Rxd4 e5 {
Kosztolanczi,G (2210)-Balasko,J Zalakaros 1994 1-0 (31)}) (12. Be3 f6 13. Ne4
fxe5 $16) 12... e6 $4 (12... Nxe5 $142 13. dxe5 Qd4+ 14. Qf2 Qxc4 $19) 13. Be3
Nc7 $2 (13... c5 $5 14. dxc5 Nxe5 $16) 14. Ne4 $16 h6 $4 (14... Nd5 $142 $5 15.
Bf2 f6 16. exf6 N7xf6 $18) 15. Nd6 (15. Nf6+ $142 $5 Kh8 16. Qg3 b5 $18) 15...
Qe7 (15... Nd5 16. Rae1 (16. Nxf7 $2 Qe8 $19) 16... b5 17. Bb3 $18) 16. Nxb7 (
16. Qg3 $142 Ne8 17. Ne4 $18) 16... Rab8 $2 (16... Nd5 17. Na5 Qb4 18. Bxd5
cxd5 19. Nb3 $18) 17. Nd6 (17. Na5 $142 Qb4 18. Qxc6 Qxa5 19. Qxd7 Qb6 $18)
17... Rxb2 $4 (17... Nd5 18. Qg3 Nxe3 19. Qxe3 c5 $18) 18. Bb3 (18. Qxc6 $142
Nb8 19. Qe4 $18) 18... Nxe5 (18... c5 19. Qg3 Nd5 $18) 19. dxe5 Bxe5 20. Nc4
Rxb3 21. axb3 Bxa1 22. Rxa1 Nb5 23. Qxc6 (23. Ne5 $142 Qd6 24. Qf6 Qd8 $18)
23... Qf6 24. Rf1 Nd4 25. Rxf6 Nxc6 26. Bxh6 Rd8 27. Be3 a6 28. Rf2 Kg7 (28...
e5 29. Rf6 Nb4 30. Nxe5 Nxc2 31. Bh6 $18) 29. Rd2 Rxd2 (29... Rd5 30. Nb6 Re5
31. Kf2 $18) 30. Bxd2 Kf6 (30... f6 31. Bc3 $18) 31. Kf2 e5 (31... Ke7 32. Ke3
$18) 32. Bc3 Ke6 33. Ke3 (33. Nxe5 Ne7 $18) 33... f6 (33... Ne7 34. Bxe5 f6 35.
Bc3 $18) 34. Ke4 f5+ 35. Ke3 g5 (35... e4 36. Kf4 $18) 36. Nxe5 Nxe5 (36... Ne7
$18) 37. Bxe5 Kxe5 38. g3 a5 39. h4 1-0

[Event "Oregon Open"]
[Site "?"]
[Date "1972.09.03"]
[Round "5"]
[White "Bailey, B."]
[Black "Thomas, S."]
[Result "1/2-1/2"]
[WhiteElo "2036"]
[BlackElo "1814"]
[Annotator "Stockfish 12 (15s)"]
[PlyCount "124"]
[EventDate "1972.??.??"]

{B68: Sicilian: Richter-Rauzer: 7...a6 8 0-0-0 Bd7 9 f4 Be7} 1. e4 c5 2. Nf3 d6
3. d4 cxd4 4. Nxd4 Nf6 5. Nc3 a6 6. Bg5 e6 7. Qd2 Be7 8. O-O-O Qc7 9. f4 Bd7
10. Be2 Nc6 11. Kb1 (11. Qe3 h6 12. Bh4 Ng4 13. Bxg4 Bxh4 14. Nxc6 Bxc6 15. Nd5
Qa5 16. a3 Bxd5 17. exd5 e5 18. Qe4 Bf6 19. Be2 b5 20. Bd3 Rb8 21. c3 Qc7 22.
Kb1 a5 23. Rc1 Qa7 24. Rc2 Kd8 25. Re1 exf4 {
Zhidkov,V (2520)-Panchenko,A (2495) Daugavpils 1978 0-1 (39)}) 11... O-O-O (
11... b5 12. Bf3 b4 13. Nce2 Rc8 14. Nxc6 Bxc6 15. Bxf6 gxf6 16. Nd4 Bd7 17.
Rhe1 a5 18. Bh5 e5 19. Nf5 Bxf5 20. exf5 a4 21. Re2 a3 22. b3 Qc5 23. Bf3 O-O
24. Bd5 Qc3 25. Qxc3 Rxc3 26. Re4 {
Bejaoui,A (2124)-Ahmad,A (2319) Beirut 2000 1/2-1/2 (34)}) 12. Nb3 Kb8 13. Bf3
Na5 $146 (13... Ne8 14. Bxe7 Nxe7 15. Qe3 h6 16. Rd2 Nc8 17. Rhd1 Qb6 18. Qe2
Nc7 19. g4 Nb5 20. Nxb5 Bxb5 21. Qe1 Ne7 22. Qg3 Ng6 23. Bg2 e5 24. f5 Nf4 25.
Bf1 Bxf1 26. Rxf1 Qb4 27. Qe3 Qc4 28. Rfd1 {
Meltser,V-Buckel,E (1990) Bayern 1998 0-1 (54)}) (13... Bc8 14. Qf2 $16) 14. e5
(14. Nxa5 Qxa5 15. e5 dxe5 16. fxe5 Bc6 $18) 14... Nxb3 15. cxb3 (15. axb3 $5
dxe5 16. fxe5 $16) 15... dxe5 $14 16. fxe5 Bc6 17. Qe3 Nd5 18. Nxd5 Bxd5 19.
Bxd5 Rxd5 20. Rxd5 exd5 21. Bf4 Rc8 (21... Ka8 $142 $16) 22. Qf2 $4 (22. Qd3
$142 Qb6 23. e6+ Ka8 24. exf7 $18) 22... Qc5 $4 (22... Qc6 $142 23. a3 Qg6+ 24.
Ka2 Rc2 $11) 23. e6+ $18 Ka8 24. Be3 (24. Qxc5 $142 Bxc5 25. Rc1 fxe6 26. Bd6
$18) 24... Qb4 $4 (24... Qc6 $142 25. exf7 Qg6+ 26. Ka1 Bf6 $11) 25. exf7 $18
Qe4+ 26. Ka1 Qe6 $4 (26... Rf8 27. Re1 Qg6 $18) 27. Rf1 (27. Re1 $142 Bf6 28.
g4 Qxf7 29. g5 $18) 27... Bf6 (27... Rf8 $16) 28. g4 h6 $4 (28... Qxg4 29. Qf3
{Decoy Double attack}) 29. h4 {White plans g5} (29. Qf5 $142 Qxf5 30. Rxf5 $18
(30. gxf5 $6 Rf8 $11)) 29... Rf8 $11 (29... Qxf7 $4 30. g5 d4 31. Bd2 (31. gxf6
$6 dxe3 32. Qxe3 gxf6 $11) 31... hxg5 32. hxg5 $18) 30. g5 Rxf7 31. gxf6 (31.
gxh6 Bxb2+ 32. Kxb2 Rxf2+ 33. Bxf2 Qe2+ 34. Kc3 Qxf1 $19) 31... Rxf6 32. Bf4 g5
33. hxg5 hxg5 34. Rh1 Qe8 35. Re1 (35. Qd4 $142 $5 Rxf4 36. Qxd5 $11) 35... Qf8
$17 36. Bd6 $4 (36. Qg2 $142 gxf4 37. Qxd5 $17) 36... Rxf2 $19 (36... Qxd6 37.
Re8+ Qb8 38. Rxb8+ Kxb8 39. Qxf6 Kc7 40. Qxg5 d4 41. Kb1 d3 42. Kc1 d2+ 43.
Kxd2 a5 44. Kd3 Kc6 45. Kd4 Kd6 46. Qe5+ Kc6 47. Qc5+ Kd7 48. Kd5 a4 49. Qd6+
Kc8 50. Kc5 a3 51. Kb6 axb2 52. Qc7#) 37. Bxf8 Rxf8 38. Kb1 g4 39. Rg1 (39. Re5
g3 40. Rg5 $19) 39... Rg8 40. Kc2 b5 41. Kd3 g3 (41... Kb7 $142 42. Ke3 Kc6 $19
) 42. Kd4 $11 Rg5 43. Kc5 $4 (43. Ke3 $142 $11) 43... Kb7 (43... g2 $142 44.
Kd4 Kb7 45. Ke3 $19) 44. b4 (44. Rg2 Kc7 45. a4 $19) 44... g2 45. b3 Kc7 46. a4
d4+ 47. Kxd4 Kd6 48. axb5 axb5 49. Ke4 Ke6 50. Kf4 Kf6 51. Ke4 Rg7 52. Kf4 Rg8
53. Ke4 Ke6 54. Kf4 Rf8+ 55. Ke4 Rf2 (55... Rg8 $142 $19) 56. Ke3 $11 Rb2 57.
Ke4 Kf6 58. Kf4 Rd2 59. Ke3 Ra2 60. Kd4 Rc2 61. Kd3 Rb2 62. Kd4 Rc2 1/2-1/2

[Event "Oregon Open"]
[Site "?"]
[Date "1972.09.04"]
[Round "6"]
[White "Perala, B."]
[Black "Bailey, B."]
[Result "1/2-1/2"]
[WhiteElo "2101"]
[BlackElo "2036"]
[Annotator "Stockfish 12 (15s)"]
[PlyCount "41"]
[EventDate "1972.??.??"]

{C84: Closed Ruy Lopez: Unusual White 6th moves} 1. e4 e5 2. Nf3 Nc6 3. Bb5 a6
4. Ba4 Nf6 5. d4 exd4 6. O-O Be7 7. Re1 O-O 8. e5 Ne8 9. Nxd4 Nxd4 10. Qxd4 d6
11. c3 (11. Bb3 dxe5 12. Qxe5 Bd6 13. Qg5 Nf6 14. Nc3 h6 15. Qg6 Ng4 16. h3 Qf6
17. Qxf6 Nxf6 18. Nd5 Nxd5 19. Bxd5 c6 20. Bf3 Bf5 21. c3 Rfe8 {
1/2-1/2 (21) Sorensen,A (2200)-Jensen,A (2300) Vejle 1974}) (11. Bxe8 Rxe8 12.
Nc3 dxe5 13. Qxe5 Be6 14. Bf4 Bf6 15. Qxc7 Qxc7 16. Bxc7 Bxc3 17. bxc3 Rac8 18.
Ba5 Bxa2 19. f3 Bd5 20. Kf2 f6 21. Rab1 Kf7 22. Rxe8 Rxe8 23. Rb6 h5 24. Rd6
Bc6 25. c4 Re5 {El Arab,B-Loskutov,S (2192) playchess.com INT 2004 1/2-1/2 (47)
}) 11... Be6 12. Bc2 $146 (12. Bf4 dxe5 13. Bxe5 Qxd4 14. Bxd4 Rd8 15. Nd2 Nf6
16. Bb3 c5 17. Be3 Nd5 18. Nf1 Nxe3 19. Rxe3 Bg5 20. Re5 Bxb3 21. axb3 Bf6 22.
Rxc5 Rd7 23. Re1 g6 24. g3 Rfd8 25. Kg2 Kg7 26. Re2 Kf8 {
Kramer,G-Baron,S Omaha 1949 1/2-1/2 (62)}) 12... dxe5 13. Qxe5 Nf6 14. Nd2 Bd6
15. Qe2 (15. Qd4 Re8 16. Nf3 h6 $11) 15... Re8 $15 16. Qf1 (16. Nf3 Bxa2 17.
Bxh7+ Kxh7 18. Qc2+ Kg8 19. Rxe8+ Qxe8 20. Rxa2 Bc5 $15) 16... Bc5 (16... Bd5
$142 $5 17. Bb3 Rxe1 18. Qxe1 Ng4 $17) 17. Ne4 Nxe4 18. Bxe4 Bd5 19. Bxd5 Qxd5
20. Bf4 Qc6 21. h3 1/2-1/2

[Event "Oregon Open"]
[Site "?"]
[Date "1972.09.04"]
[Round "7"]
[White "Warner, E."]
[Black "Bailey, B."]
[Result "1-0"]
[WhiteElo "2128"]
[BlackElo "2036"]
[Annotator "Stockfish 12 (15s)"]
[PlyCount "67"]
[EventDate "1972.??.??"]

{D26: Queen's Gambit Accepted: 4 e3 e6 5 Bxc5 c5 sidelines} 1. d4 d5 2. c4 dxc4
3. Nf3 Nf6 4. e3 e6 5. Bxc4 c5 6. O-O a6 7. Qe2 b5 8. Bb3 Bb7 9. Rd1 cxd4 (9...
Qc7 10. Nc3 Be7 11. e4 cxd4 12. Nxd4 O-O 13. e5 Nfd7 14. Bf4 Nc5 15. Bc2 Nc6
16. Nxc6 Qxc6 17. Qg4 Rfd8 18. Bg5 Bxg5 19. Qxg5 Qc7 20. a3 h6 21. Qg3 Rxd1+
22. Rxd1 Rd8 23. Rd6 Rxd6 24. exd6 {
Helmers,K (2455)-Balashov,Y (2535) Helsinki 1984 1/2-1/2 (52)}) 10. exd4 (10.
Nxd4 Nbd7 11. a4 b4 12. e4 Nxe4 13. Nxe6 fxe6 14. Bxe6 Bd6 15. Bf4 Bxf4 16.
Bxd7+ Kf8 17. Bc6 Bxc6 18. Rxd8+ Rxd8 19. f3 Nc5 20. g3 Re8 21. Qc2 Be3+ 22.
Kg2 Bd4 23. Qc4 Rd8 24. Nd2 h5 {
Leniart,A (2281)-Tomczak,J (2357) Leba 2006 1/2-1/2}) 10... Be7 11. Bf4 $146 (
11. Nc3 Nc6 (11... O-O 12. Bg5 Nbd7 13. a3 Nb6 14. Bxf6 Bxf6 15. Ne4 Bxe4 16.
Qxe4 Nd5 17. Ne5 Rc8 18. Rac1 Qd6 19. g3 g6 {
1/2-1/2 (19) Vukcevich,M-Golz,W Leipzig 1960}) 12. d5 exd5 13. Nxd5 Nxd5 14.
Bxd5 Qc7 15. Bg5 h6 16. Bh4 g5 17. Bg3 Qb6 18. Re1 Qd8 19. Rad1 {
1-0 (19) Nickoloff,B (2430)-Haukenfrers,D Canada 1992}) (11. Nc3 O-O $11) 11...
O-O (11... Nd5 12. Bxd5 Qxd5 13. Nc3 $11) 12. Nc3 $14 Nd5 13. Be5 (13. Bxd5
exd5 14. Ne5 Nc6 $14) 13... Nd7 (13... Nxc3 14. bxc3 Nd7 15. c4 $11) 14. Ne4 (
14. Nxd5 Bxd5 15. Bxd5 exd5 $14) 14... N7f6 (14... Qb6 15. Bg3 $11) 15. Rac1 (
15. Nc5 Qc8 $16) 15... Rc8 $4 (15... Nxe4 $142 16. Qxe4 Rc8 $15) 16. Nc5 $16
Qb6 (16... Ba8 17. Nxa6 Qa5 18. Nc5 $16) 17. Bxd5 exd5 $4 (17... Bxd5 $142 18.
Bxf6 Bxf6 $18) 18. Bxf6 $18 Bxc5 (18... Bxf6 19. Nd7 Qd6 20. Nxf8 Rxf8 21. Qc2
$18) 19. Bxg7 (19. Rxc5 $6 Qxf6 20. a3 Rfe8 $16) 19... Kxg7 20. dxc5 Rxc5 (
20... Qf6 $18) 21. Qe5+ Kg8 22. Qg5+ Kh8 23. Qe7 Rcc8 (23... Rfc8 24. Rxc5 Qxc5
25. Qxb7 $18) 24. Rxc8 Rxc8 25. Ng5 (25. Ne5 $142 h6 26. Nxf7+ Kg8 $18) 25...
Qc7 26. Qxf7 h6 (26... d4 27. b4 $18) 27. Qh5 (27. Qf6+ Qg7 28. Nf7+ Kg8 29.
Nxh6+ Kh7 30. Qxg7+ Kxg7 31. Nf5+ Kf6 $18) 27... Qc6 28. Nf7+ Kg7 29. Ne5 Qe6 (
29... Qf6 30. h3 Rf8 31. Qg4+ Kh7 32. Qd4 $18) 30. h3 Rc2 (30... Kh7 31. Rd3
Rc1+ 32. Kh2 $18) 31. Rd3 Kf6 (31... Kh7 32. Rg3 d4 $18) 32. Re3 Rc1+ 33. Kh2
Qd6 34. Qf7+ (34. Qf7+ Kg5 35. f4+ Kh4 36. g3#) 1-0